000 00763nam a2200205Ii 4500
003 JO-AjNU
008 230605s9999||||xx |||||||||||||| ||und||
040 _aJO-AjNU
_bara
_erda
_cJO-AjNU
041 _aara
050 1 4 _aLB1115 1988
100 3 _aمونرو،ماريون مؤلف/ناشد سامي،مترجم/القوصي،عبد العزيز مراجع ومقدم,
_eauthor
_98452
245 0 0 _aتعليم القراءة والكتابة
250 _aط3
264 3 1 _aالقاهرة:دار المعارف بمصر،1988
300 _a357ص
336 _atext
_btxt
_2rdacontent
337 _aunmediated
_bn
_2rdamedia
338 _avolume
_bnc
_2rdacarrier
650 4 _aالقراءة-دراسة وتعليم. الكتابة-دراسة وتعليم
_98453
999 _aA796
_c4364
_d4364